000 00608cam a2200193 a 4500
001 000002377
005 20200929150206.0
008 710622s1968 enkac 000 0 eng
040 _aDO-SdBNP
_bspa
_cBNPHU
082 _annn
_bP995f, 1968
100 1 _aPyke, Magnus
_97556
245 1 0 _aFood science and technology /
_cMagnus Pyke ; With a foreword by John Hawthorn.
250 _a2a ed.
260 _aLondon :
_bJohn Murray,
_c1968.
300 _axvii, [5] 219 p. :
_bil., retrs. ;
_c22 cm.
500 _aIncluye índice
650 0 _aFood industry and trade.
_97557
910 _aCatalogación por copia / LC
999 _c2217
_d2217